01245nas a2200301Ia 4500001001600000003001000016008004100026040002500067041001200092100002000104210003300124222003300157240010000190245010000290250001100390260000900401501012300410300001600533362003300549500005600582650003200638700002400670700002500694942000700719957000600726999003300732952017800765A01/R004-48729 IT-MiCISF161014c99999999xx |||||||||||| ||und|| aIT-MiCISFcIT-MiCISF aINGLESE aBaucom Brian R. aJournal of Family Psychology aJournal of Family Psychology aGender Topic and Time in Observed Demand-Withdraw Interaction in Cross - and Same - Sex Couples 0aGender Topic and Time in Observed Demand-Withdraw Interaction in Cross - and Same - Sex Couples a1a ed. c2010 bCISF - Centro Internazionale Studi Famiglia - Via Giotto, 36 20145 MILANO (non commercial uses only)cCopyright 2016 app. 233-242 avol. 24, n. 3, giugno [2010] a Tema: coppia, omosessualità€, relazione-di-coppia aFAMIGLIA - coppiavarticolo a Christensen Andrew a McFarland Pamela T. cCR 71 a48729bSig1c251203d251203 0010406A_01_000000000000000_R0044872971aCISFbCISFd2016-10-14l0oA01/R004-48729 r2016-10-14 00:00:00w2016-10-14yCRzData import 15.10.2016 / by Epidotti, Vaglietti